Under the bridge / (Record no. 1387)

MARC details
000 -LEADER
fixed length control field 01111cam a22003374a 4500
005 - DATE AND TIME OF LATEST TRANSACTION
control field 20260322212058.0
008 - FIXED-LENGTH DATA ELEMENTS--GENERAL INFORMATION
fixed length control field data
010 ## - LIBRARY OF CONGRESS CONTROL NUMBER
LC control number 2005049913
020 ## - INTERNATIONAL STANDARD BOOK NUMBER
International Standard Book Number 9780743210911
020 ## - INTERNATIONAL STANDARD BOOK NUMBER
International Standard Book Number 0743210913
040 ## - CATALOGING SOURCE
Original cataloging agency DLC
Transcribing agency DLC
Modifying agency DLC
042 ## - AUTHENTICATION CODE
Authentication code pcc
043 ## - GEOGRAPHIC AREA CODE
Geographic area code n-cn-bc
050 00 - LIBRARY OF CONGRESS CALL NUMBER
Classification number HV6535.C32
Item number B753 2005
082 00 - DEWEY DECIMAL CLASSIFICATION NUMBER
Classification number 364.152/3/0971128
Edition information 22
001 - CONTROL NUMBER
control field data
100 1# - MAIN ENTRY--PERSONAL NAME
Personal name Godfrey, Rebecca.
245 10 - TITLE STATEMENT
Title Under the bridge /
Statement of responsibility, etc. Rebecca Godfrey.
260 ## - PUBLICATION, DISTRIBUTION, ETC.
Place of publication, distribution, etc. New York :
Name of publisher, distributor, etc. Simon & Schuster,
Date of publication, distribution, etc. c2005.
300 ## - PHYSICAL DESCRIPTION
Extent 346 p. :
Other physical details ill. ;
Dimensions 25 cm.
600 10 - SUBJECT ADDED ENTRY--PERSONAL NAME
Personal name Virk, Reena,
Dates associated with a name 1983-1997.
600 10 - SUBJECT ADDED ENTRY--PERSONAL NAME
Personal name Ellard, Kelly Marie.
600 10 - SUBJECT ADDED ENTRY--PERSONAL NAME
Personal name Glowatski, Warren.
650 #0 - SUBJECT ADDED ENTRY--TOPICAL TERM
Topical term or geographic name entry element Murder
Geographic subdivision British Columbia.
650 #0 - SUBJECT ADDED ENTRY--TOPICAL TERM
Topical term or geographic name entry element Juvenile homicide
Geographic subdivision British Columbia.
650 #0 - SUBJECT ADDED ENTRY--TOPICAL TERM
Topical term or geographic name entry element Murder
General subdivision Investigation
Geographic subdivision British Columbia.
650 #0 - SUBJECT ADDED ENTRY--TOPICAL TERM
Topical term or geographic name entry element Trials (Murder)
Geographic subdivision British Columbia.
650 #0 - SUBJECT ADDED ENTRY--TOPICAL TERM
Topical term or geographic name entry element Teenage girls
General subdivision Crimes against
Geographic subdivision British Columbia.
856 42 - ELECTRONIC LOCATION AND ACCESS
Materials specified Publisher description
Uniform Resource Identifier <a href="http://www.loc.gov/catdir/enhancements/fy0631/2005049913-d.html">http://www.loc.gov/catdir/enhancements/fy0631/2005049913-d.html</a>
856 41 - ELECTRONIC LOCATION AND ACCESS
Materials specified Sample text
Uniform Resource Identifier <a href="http://www.loc.gov/catdir/enhancements/fy0641/2005049913-s.html">http://www.loc.gov/catdir/enhancements/fy0641/2005049913-s.html</a>
Holdings
Withdrawn status Lost status Damaged status Not for loan Home library Current library Shelving location Date acquired Total checkouts Full call number Barcode Date last seen Price effective from Koha item type
        Midway Midway General stacks 22/03/2026   364.152/3/0971128 22 BC0011433 22/03/2026 22/03/2026 Books